Профессиональный иностранный язык (английский). Часть 4 (21.03.01, 21.05.02, 21.05.03) / ДО 2016: электронный курс

Detaylı Bibliyografya
Yazar: Матвеенко И. А. Ирина Алексеевна
Müşterek Yazar: Национальный исследовательский Томский политехнический университет Школа базовой инженерной подготовки Отделение иностранных языков
Diğer Yazarlar: Коротченко Т. В. Татьяна Валериевна
Özet:Заглавие с экрана
Профессиональный иностранный язык (английский). Часть 8 разработан для бакалавров и специалистов, обучающихся на 4 курсе восьмого семестра по направлениям подготовки 21.03.01, 21.05.02, 21.05.03. Основной целью данного курса является совершенствование иноязычной коммуникативной компетенции студентов, необходимой для осуществления профессиональной деятельности и позволяющей им использовать иностранный язык в профессиональной сфере. Курс "Профессиональный иностранный язык (английский). Часть 4» представляет собой целый комплекс различных аутентичных текстовых и грамматических материалов по английскому языку, разбитых на два основных лексических блока: "Drilling" и "Transportation" и на грамматические блоки. Такая структура курса позволяет совершенствовать навыки устной и письменной речи.
Доступ по логину и паролю
Dil:Rusça
Baskı/Yayın Bilgisi: Томск, TPU Moodle, 2019
Konular:
Online Erişim:https://design.lms.tpu.ru/course/view.php?id=3365
Materyal Türü: Elektronik Kitap
KOHA link:https://koha.lib.tpu.ru/cgi-bin/koha/opac-detail.pl?biblionumber=665961

MARC

LEADER 00000nlm0a2200000 4500
001 665961
005 20240219141936.0
035 |a (RuTPU)RU\TPU\network\37165 
035 |a RU\TPU\network\37163 
090 |a 665961 
100 |a 20211125d2019 m y0rusy50 ca 
101 0 |a rus 
102 |a RU 
105 |a a j 000zy 
135 |a jrcn ---uucaa 
181 0 |a i  
182 0 |a b 
200 1 |a Профессиональный иностранный язык (английский). Часть 4 (21.03.01, 21.05.02, 21.05.03) / ДО 2016  |e электронный курс  |f И. А. Матвеенко, Т. В. Коротченко  |g Национальный исследовательский Томский политехнический университет, Школа базовой инженерной подготовки, Отделение иностранных языков 
203 |a Текст  |c электронный 
210 |a Томск  |c TPU Moodle  |d 2019 
300 |a Заглавие с экрана 
330 |a Профессиональный иностранный язык (английский). Часть 8 разработан для бакалавров и специалистов, обучающихся на 4 курсе восьмого семестра по направлениям подготовки 21.03.01, 21.05.02, 21.05.03. Основной целью данного курса является совершенствование иноязычной коммуникативной компетенции студентов, необходимой для осуществления профессиональной деятельности и позволяющей им использовать иностранный язык в профессиональной сфере. Курс "Профессиональный иностранный язык (английский). Часть 4» представляет собой целый комплекс различных аутентичных текстовых и грамматических материалов по английскому языку, разбитых на два основных лексических блока: "Drilling" и "Transportation" и на грамматические блоки. Такая структура курса позволяет совершенствовать навыки устной и письменной речи. 
333 |a Доступ по логину и паролю 
606 1 |a Английский язык  |x Учебные руководства и пособия  |x Учебные руководства и пособия для высшей школы  |2 stltpush  |3 (RuTPU)RU\TPU\subj\29071  |9 52483 
610 1 |a электронный ресурс 
610 1 |a труды учёных ТПУ 
610 1 |a электронное обучение 
610 1 |a электронные курсы ТПУ 
610 1 |a электронные учебные пособия 
610 1 |a учебные пособия 
610 1 |a дистанционное образование 
610 1 |a дистанционное обучение 
686 |a Ш143.21-923  |2 rubbk 
700 1 |a Матвеенко  |b И. А.  |c лингвист  |c профессор Томского политехнического университета, доктор филологических наук  |f 1967-  |g Ирина Алексеевна  |3 (RuTPU)RU\TPU\pers\27693  |9 12767 
701 1 |a Коротченко  |b Т. В.  |c лингвист  |c доцент Томского политехнического университета, кандидат филологических наук  |f 1982-  |g Татьяна Валериевна  |3 (RuTPU)RU\TPU\pers\28096  |9 13055 
712 0 2 |a Национальный исследовательский Томский политехнический университет  |b Школа базовой инженерной подготовки  |b Отделение иностранных языков  |3 (RuTPU)RU\TPU\col\23510 
801 2 |a RU  |b 63413507  |c 20220606  |g RCR 
856 4 |u https://design.lms.tpu.ru/course/view.php?id=3365 
942 |c CF